000 01033nam a2200241 a 4500
001 40603
003 BD-RjUL
005 20211209053241.0
008 160504s1998 bg ||||| b||| 00| 0 eng d
020 _a9840604333
_c: Tk. 72.00
035 _a(BD-RjUL)40718
040 _aBD-RjUL
_bben
_cBD-RjUL
041 _aben
082 _223
_a297.61
_bSAI 1998
100 _aশফিকুল্লাহ্, মুহাম্মদ
_9124762
245 1 0 _aইমাম তাহাভী (র.) :
_bজীবন ও কর্ম /
_cমুহাম্মদ শফিকুল্লাহ্
260 _aঢাকা :
_bইসলামিক ফাউন্ডেশন বাংলাদেশ,
_c১৯৯৮
300 _a[১৬], ৩৪২ পৃ. ;
_c২০ সেমি.
504 _aগ্রন্থপঞ্জি ও পরিশিষ্ট সংযুক্ত
650 _aইসলামী নেতা ও তাদের কর্ম
_9124960
650 _aIslamic leader and thier work
_9124961
942 _2ddc
_cBK
999 _c40603
_d40603